[Event "SR 4. liga A21 2017/2018"]
[Site "?"]
[Date "2018.01.28"]
[Round "8.2"]
[White "Sturdik, Igor"]
[Black "Pericka, Tomas"]
[Result "1-0"]
[WhiteElo "1985"]
[BlackElo "2018"]
[PlyCount "75"]
[EventDate "2017.??.??"]
[WhiteTeam "Å K OÃš Å paÄ�ince"]
[BlackTeam "CVÄŒ BrezovÃ¡ pod Bradlom"]

1. e4 c5 2. Nf3 Nc6 3. d4 cxd4 4. Nxd4 g6 5. Nc3 Bg7 6. Be3 Nf6 7. Bc4 Qa5 8.
O-O O-O 9. Bb3 d6 10. h3 Bd7 11. Qd2 Qh5 12. Rad1 Rfc8 13. Nxc6 Bxc6 14. f3 b5
15. Qf2 a5 16. Bd5 e6 17. Bxc6 Rxc6 18. Rd2 Rac8 19. g4 Qxh3 20. Nxb5 Rb8 21.
Nd4 Rc4 22. b3 Rc3 23. Rd3 Re8 24. Bd2 Nxg4 25. fxg4 Qxg4+ 26. Kh1 Qxe4+ 27.
Nf3 Rxc2 28. Rxd6 Rxa2 29. Rd1 h5 30. Qe3 Qxe3 31. Bxe3 Bf6 32. R6d3 Kg7 33.
Nd4 e5 34. Nb5 e4 35. Rd7 Be5 36. Rf1 Rf8 37. Bc5 e3 38. Bxf8+ 1-0

[Event "SR 4. liga A21 2017/2018"]
[Site "?"]
[Date "2018.01.28"]
[Round "8.2"]
[White "Skapikova, Lubica"]
[Black "Valach, Peter"]
[Result "1/2-1/2"]
[WhiteElo "1888"]
[BlackElo "1743"]
[PlyCount "156"]
[EventDate "2017.??.??"]
[WhiteTeam "CVÄŒ BrezovÃ¡ pod Bradlom"]
[BlackTeam "Å K OÃš Å paÄ�ince"]

1. e4 c5 2. Nf3 Nc6 3. g3 Nf6 4. d3 g6 5. Bg2 Bg7 6. O-O O-O 7. c3 e5 8. Nh4 d6
9. Na3 Be6 10. Nc2 Qd7 11. Nf3 Bh3 12. Ng5 Bxg2 13. Kxg2 d5 14. Qe2 Nh5 15. f3
f5 16. exf5 gxf5 17. f4 Qe8 18. fxe5 Nxe5 19. d4 cxd4 20. Nxd4 Nc6 21. Qe6+
Qxe6 22. Ndxe6 Rf6 23. Nc7 Rc8 24. Nxd5 Rff8 25. Re1 Rfe8 26. Bf4 Rcd8 27.
Rxe8+ Rxe8 28. Kf2 Rd8 29. Rd1 Re8 30. Nc7 Rd8 31. Rxd8+ Nxd8 32. Nb5 h6 33.
Nh3 Bf8 34. Nxa7 Nxf4 35. Nxf4 Bc5+ 36. Kf3 Bxa7 37. Nd5 Kf7 38. Kf4 Bg1 39. h3
Bh2 40. Kf3 Bg1 41. Kf4 Bh2 42. Kf3 Bg1 43. Ne3 Ke6 44. Nf1 f4 45. Kxf4 Bf2 46.
Nd2 Bc5 47. Nf3 Nc6 48. g4 Bd6+ 49. Ke4 Be7 50. h4 Bf6 51. g5 hxg5 52. hxg5 Bg7
53. Nh4 Ne7 54. Ng2 Ng6 55. Ne3 Ne5 56. Nf5 Bf8 57. Nd4+ Kd6 58. Kf5 Be7 59. g6
Nxg6 60. Kxg6 Kd5 61. Kf5 Bc5 62. Ne2 Be3 63. Nf4+ Kc4 64. Ng6 Kd3 65. Ne5+ Kc2
66. Nc4 Bg1 67. Ke4 b5 68. Na3+ Kxb2 69. Nxb5 Kxa2 70. Nd4 Ka3 71. Kd5 Ka4 72.
c4 Ka5 73. c5 Ka6 74. c6 Bh2 75. Ne6 Kb6 76. Nd4 Kc7 77. Nb5+ Kb6 78. Nd6 Kc7
1/2-1/2

[Event "SR 4. liga A21 2017/2018"]
[Site "?"]
[Date "2018.01.28"]
[Round "8.2"]
[White "Karel, Jozef"]
[Black "Likavska, Barbora"]
[Result "1/2-1/2"]
[WhiteElo "1685"]
[BlackElo "1844"]
[PlyCount "74"]
[EventDate "2017.??.??"]
[WhiteTeam "Å K OÃš Å paÄ�ince"]
[BlackTeam "CVÄŒ BrezovÃ¡ pod Bradlom"]

1. e4 c5 2. Nf3 d6 3. d4 cxd4 4. Nxd4 Nf6 5. Nc3 a6 6. Bc4 e6 7. O-O Be7 8. Bb3
O-O 9. Be3 Bd7 10. f4 Qc7 11. Qf3 Nc6 12. a3 Rac8 13. g4 Nxd4 14. Bxd4 e5 15.
fxe5 dxe5 16. Be3 Bxg4 17. Qg3 Bc5 18. Bxc5 Qxc5+ 19. Kh1 Rcd8 20. Rxf6 gxf6
21. Qxg4+ Kh8 22. Qf3 Qc6 23. Nd5 Rd6 24. Rf1 Rfd8 25. Ne7 Qd7 26. Nd5 Qc6 27.
Qh5 Qd7 28. c4 Qc6 29. Qxf7 Rg8 30. Rxf6 Qc5 31. Rf1 Rdg6 32. h4 Rg1+ 33. Kh2
R8g2+ 34. Kh3 Qc8+ 35. Rf5 Rg3+ 36. Kh2 R1g2+ 37. Kh1 Rg1+ 1/2-1/2

[Event "SR 4. liga A21 2017/2018"]
[Site "?"]
[Date "2018.01.28"]
[Round "8.2"]
[White "Skapik, Branislav"]
[Black "Sulko, Vit"]
[Result "1/2-1/2"]
[WhiteElo "1808"]
[BlackElo "1659"]
[PlyCount "80"]
[EventDate "2017.??.??"]
[WhiteTeam "CVÄŒ BrezovÃ¡ pod Bradlom"]
[BlackTeam "Å K OÃš Å paÄ�ince"]

1. c4 c5 2. Nf3 d6 3. Nc3 Nf6 4. g3 g6 5. Bg2 Bg7 6. O-O O-O 7. d3 Nc6 8. a3
Bg4 9. h3 Bxf3 10. Bxf3 Qd7 11. Bg2 Rac8 12. Rb1 b6 13. Bd2 e6 14. b4 Ne7 15.
bxc5 dxc5 16. Nb5 Nc6 17. Bf4 Ne8 18. Qc1 Nd4 19. Nxd4 Qxd4 20. Rd1 Nf6 21. Be3
Qd7 22. d4 cxd4 23. Bxd4 Qc7 24. Qb2 Nh5 25. Bxg7 Nxg7 26. Rbc1 Rfd8 27. Rd3
Rxd3 28. exd3 Qd6 29. d4 Nf5 30. d5 exd5 31. cxd5 Rxc1+ 32. Qxc1 Qc5 33. Qxc5
bxc5 34. Kf1 Kf8 35. Ke2 Ke7 36. Kd3 Kd6 37. Kc4 Nd4 38. g4 f5 39. a4 f4 40.
Be4 a6 1/2-1/2

[Event "SR 4. liga A21 2017/2018"]
[Site "?"]
[Date "2018.01.28"]
[Round "8.2"]
[White "Slezak, Rudolf"]
[Black "Pericka, Pavol"]
[Result "0-1"]
[WhiteElo "1662"]
[BlackElo "1787"]
[PlyCount "56"]
[EventDate "2017.??.??"]
[WhiteTeam "Å K OÃš Å paÄ�ince"]
[BlackTeam "CVÄŒ BrezovÃ¡ pod Bradlom"]

1. Nf3 Nc6 2. d4 d5 3. c4 e6 4. e3 Nf6 5. Bd3 Be7 6. O-O Ne4 7. a3 O-O 8. Nbd2
f5 9. Ne5 Bd7 10. cxd5 exd5 11. Qb3 Nxe5 12. dxe5 Nc5 13. Qxd5+ Kh8 14. b4 c6
15. Qd4 Ne6 16. Qc3 c5 17. b5 Rc8 18. Bc4 Qe8 19. Qb3 Qg6 20. Nf3 Rcd8 21. Bd2
Bc8 22. Rad1 b6 23. Bc1 Nc7 24. Rxd8 Bxd8 25. Rd1 Bb7 26. Be2 Qg4 27. Qc4 Bxf3
28. Qxg4 Bxg4 0-1

[Event "SR 4. liga A21 2017/2018"]
[Site "?"]
[Date "2018.01.28"]
[Round "8.3"]
[White "Curidlo, Jan"]
[Black "Kozinka, Roman"]
[Result "0-1"]
[WhiteElo "1854"]
[BlackElo "1999"]
[PlyCount "84"]
[EventDate "2017.??.??"]
[WhiteTeam "Å K KÃºpele PieÅ¡Å¥any B"]
[BlackTeam "Å K Komplet Modranka jun."]

1. e4 c5 2. Nf3 d6 3. d4 cxd4 4. Nxd4 Nf6 5. Nc3 a6 6. Be2 e6 7. Be3 Be7 8. O-O
O-O 9. a3 Qc7 10. Re1 b5 11. Bf3 Bb7 12. Nb3 Nc6 13. Bf4 Nd7 14. Be2 Nce5 15.
Bd3 Rac8 16. Be3 Ba8 17. Kh1 Rfe8 18. Qe2 Nb6 19. Nd2 Nbc4 20. Bxc4 bxc4 21. f4
Nd7 22. Qf2 Qb7 23. Rab1 f5 24. Rg1 Nf6 25. exf5 Ng4 26. Qg3 Nxe3 27. Qxe3 Bd8
28. Qh3 exf5 29. Rge1 Bf6 30. Nf3 g6 31. Qg3 d5 32. Ne5 d4 33. Na2 Bh4 34. Qf3
Qxf3 35. Nxf3 Bxe1 36. Nxe1 Re4 37. Kg1 Rce8 38. Nf3 Rxf4 39. Nb4 a5 40. Na6
Re2 41. Rd1 Bxf3 42. gxf3 Rxc2 0-1

[Event "SR 4. liga A21 2017/2018"]
[Site "?"]
[Date "2018.01.28"]
[Round "8.3"]
[White "Gajarsky, Julius"]
[Black "Musaev, Matej Elbek"]
[Result "0-1"]
[WhiteElo "1716"]
[BlackElo "1728"]
[PlyCount "74"]
[EventDate "2017.??.??"]
[WhiteTeam "Å K Komplet Modranka jun."]
[BlackTeam "Å K KÃºpele PieÅ¡Å¥any B"]

1. d4 d5 2. c4 e6 3. Nc3 Nf6 4. Nf3 c6 5. e3 Be7 6. Bd3 Nbd7 7. O-O O-O 8. Qc2
h6 9. Bd2 b6 10. cxd5 exd5 11. e4 dxe4 12. Nxe4 c5 13. Rfe1 Bb7 14. Rad1 Rc8
15. Nxf6+ Nxf6 16. Bf5 Rc6 17. Ne5 Rc7 18. dxc5 Bxc5 19. Bc3 Qa8 20. Bh3 Ne4
21. Nd3 Bd4 22. Qe2 Bxc3 23. bxc3 Nxc3 24. Qe5 Rc4 25. Rc1 Ne2+ 26. Rxe2 Rxc1+
27. Nxc1 Qd8 28. Re1 Bc6 29. Qc3 Re8 30. Bg4 Rxe1+ 31. Qxe1 Qg5 32. f3 h5 33.
Bh3 Bxf3 34. Qe8+ Kh7 35. Qc8 g6 36. Qc3 Bd5 37. Qd2 Qxd2 0-1

[Event "SR 4. liga A21 2017/2018"]
[Site "?"]
[Date "2018.01.28"]
[Round "8.3"]
[White "Sedlak, Rastislav"]
[Black "Skreko, Igor"]
[Result "1-0"]
[WhiteElo "1661"]
[BlackElo "1508"]
[PlyCount "43"]
[EventDate "2017.??.??"]
[WhiteTeam "Å K KÃºpele PieÅ¡Å¥any B"]
[BlackTeam "Å K Komplet Modranka jun."]

1. e4 c5 2. Nf3 d6 3. Bb5+ Bd7 4. Bxd7+ Nxd7 5. O-O Ngf6 6. Nc3 e6 7. d4 cxd4
8. Nxd4 Be7 9. Bg5 h6 10. Bh4 O-O 11. Ndb5 Ne5 12. Bxf6 gxf6 13. Qh5 Kh7 14.
Rfd1 Qb6 15. Rab1 Rg8 16. Qe2 Rg5 17. Kh1 Rag8 18. g3 a6 19. Nd4 Ng4 20. f3
Nf2+ 21. Qxf2 e5 22. Nd5 1-0

[Event "SR 4. liga A21 2017/2018"]
[Site "?"]
[Date "2018.01.28"]
[Round "8.3"]
[White "Siska, Kristof"]
[Black "Libich, Oliver"]
[Result "1-0"]
[WhiteElo "1687"]
[BlackElo "1000"]
[PlyCount "47"]
[EventDate "2017.??.??"]
[WhiteTeam "Å K KÃºpele PieÅ¡Å¥any B"]
[BlackTeam "Å K Komplet Modranka jun."]

1. e4 e5 2. f4 d6 3. Nf3 Nc6 4. Bb5 f6 5. fxe5 Qd7 6. d4 dxe5 7. d5 Nge7 8.
dxc6 Qxd1+ 9. Kxd1 bxc6 10. Bc4 Bb7 11. Be3 Rd8+ 12. Ke2 a6 13. Nc3 Ng6 14.
Rhd1 Rd6 15. Na4 Nf4+ 16. Kf2 Bc8 17. Bc5 Rxd1 18. Rxd1 Bxc5+ 19. Nxc5 Ng6 20.
Bxa6 Bxa6 21. Nxa6 O-O 22. Nxc7 Rf7 23. Rd8+ Nf8 24. Ne6 1-0

[Event "SR 4. liga A21 2017/2018"]
[Site "?"]
[Date "2018.01.28"]
[Round "8.4"]
[White "Spacek, Oliver"]
[Black "Slaba, Andrea"]
[Result "1-0"]
[WhiteElo "2215"]
[BlackElo "1922"]
[PlyCount "89"]
[EventDate "2017.??.??"]
[WhiteTeam "CVÄŒ Senica B"]
[BlackTeam "Å K KamenÃ¡r Chtelnica"]

1. d4 Nf6 2. Nf3 d5 3. c4 e6 4. g3 g6 5. Bg2 Bg7 6. O-O O-O 7. Nc3 c6 8. Qd3
Nbd7 9. Bf4 dxc4 10. Qxc4 Nb6 11. Qd3 Nfd5 12. Bg5 f6 13. Bf4 Nxf4 14. gxf4 Nd5
15. e3 Bd7 16. Rac1 Re8 17. Ne4 Bc8 18. Rfd1 Qc7 19. h4 Rd8 20. Qc4 Qf7 21. a3
Bf8 22. Qe2 Qe8 23. Ng3 Bd7 24. h5 Bd6 25. Nd2 Be7 26. Qf3 Bd6 27. Nde4 Be7 28.
Nc5 Bxc5 29. dxc5 f5 30. Rc4 e5 31. fxe5 Qxe5 32. Rcd4 Nf6 33. e4 fxe4 34. Nxe4
Nd5 35. Rxd5 cxd5 36. Rxd5 Qe7 37. Nf6+ Kg7 38. Rd6 Bf5 39. hxg6 Bxg6 40. Qc3
Kf8 41. Nd7+ Kg8 42. Bd5+ Bf7 43. Nf6+ Kf8 44. Nxh7+ Kg8 45. Rg6+ 1-0

[Event "SR 4. liga A21 2017/2018"]
[Site "?"]
[Date "2018.01.28"]
[Round "8.4"]
[White "Slaby, Jozef"]
[Black "Ocko, Martin"]
[Result "0-1"]
[WhiteElo "1734"]
[BlackElo "1993"]
[PlyCount "106"]
[EventDate "2017.??.??"]
[WhiteTeam "Å K KamenÃ¡r Chtelnica"]
[BlackTeam "CVÄŒ Senica B"]

1. Nf3 Nf6 2. c4 c5 3. g3 g6 4. Bg2 Bg7 5. O-O O-O 6. Nc3 d5 7. cxd5 Nxd5 8.
Qb3 Nb6 9. d3 Nc6 10. Be3 Nd4 11. Qd1 c4 12. Nxd4 Bxd4 13. a4 a5 14. Qc2 Bf5
15. Bh6 cxd3 16. exd3 Bg7 17. Bxg7 Kxg7 18. Ne4 Nd5 19. Rfd1 Rc8 20. Qe2 Qd7
21. Nd2 Nb4 22. Qe5+ Kg8 23. Qxa5 Nxd3 24. Nf3 Rc5 25. Qa7 Qc7 26. b3 Nb4 27.
Nd4 Bc8 28. Nb5 Qe5 29. Re1 Qh5 30. Rxe7 Nc6 31. Bxc6 bxc6 32. Nd6 Be6 33. Rxe6
fxe6 34. Qe7 Re5 35. h4 Qf3 36. Rf1 Qxb3 37. Qc7 Qd5 38. Nc4 Re2 39. Ne3 Qf3
40. Nd1 Rd2 41. Qe5 Rxd1 42. Qxe6+ Kg7 43. Qe5+ Rf6 44. Rxd1 Qxd1+ 45. Kh2 Qd5
46. Qc7+ Qf7 47. Qe5 Qe6 48. Qb2 Qd5 49. g4 g5 50. Kg3 Qd6+ 51. Kh3 Qf4 52.
hxg5 Qf3+ 53. Kh4 Qxf2+ 0-1

[Event "SR 4. liga A21 2017/2018"]
[Site "?"]
[Date "2018.01.28"]
[Round "8.4"]
[White "Diviak, Rudolf"]
[Black "Vagovic, Milan"]
[Result "0-1"]
[WhiteElo "1778"]
[BlackElo "1657"]
[PlyCount "146"]
[EventDate "2017.??.??"]
[WhiteTeam "CVÄŒ Senica B"]
[BlackTeam "Å K KamenÃ¡r Chtelnica"]

1. e4 c5 2. Bc4 e6 3. Qe2 Nf6 4. d3 d6 5. Nf3 Nc6 6. c3 Be7 7. Bb3 Qc7 8. O-O
O-O 9. Re1 b5 10. Bc2 a6 11. Nbd2 Bb7 12. Nf1 Rfe8 13. Ng3 Rad8 14. h3 Nd7 15.
Bg5 Nde5 16. Bxe7 Qxe7 17. Nh2 Ng6 18. Qe3 Qh4 19. Nf3 Qf4 20. Ne2 Qxe3 21.
fxe3 d5 22. exd5 Rxd5 23. d4 cxd4 24. cxd4 Rd7 25. Rad1 Nb4 26. Bb1 Rc8 27. Nc3
Ne7 28. a3 Nbd5 29. Ne4 h6 30. Nc5 Rdc7 31. Nd2 Nb6 32. Nxb7 Rxb7 33. Ne4 Rbc7
34. Nc5 a5 35. Ba2 Na4 36. b4 axb4 37. axb4 Nc3 38. Rd2 Ra8 39. Bb3 Ra3 40. Rc2
Rxc5 41. dxc5 Rxb3 42. Rec1 Ncd5 43. c6 Nc7 44. Rd2 f5 45. Rd7 Ned5 46. e4 fxe4
47. Rf1 Rc3 48. Rff7 Ne8 49. Rfe7 Nxe7 50. Rxe7 Nd6 51. c7 Kf8 52. Rxe6 Ne8 53.
c8=Q Rxc8 54. Rb6 Nc7 55. Rb7 Ke7 56. Kf2 Kd6 57. Rb6+ Kd5 58. Ke3 Kc4 59. Rg6
Ne8 60. Rg4 Nd6 61. Rg6 Rd8 62. g4 Kxb4 63. Rxg7 Kc3 64. Rc7+ Kb3 65. Rh7 b4
66. Rxh6 Kc2 67. Rh7 b3 68. Rc7+ Kb1 69. Rc6 b2 70. h4 Ka2 71. Ra6+ Kb3 72.
Rb6+ Kc2 73. Rc6+ Kd1 0-1

[Event "SR 4. liga A21 2017/2018"]
[Site "?"]
[Date "2018.01.28"]
[Round "8.4"]
[White "Piestansky, Jan"]
[Black "Jarabek, Milan"]
[Result "1/2-1/2"]
[WhiteElo "1640"]
[BlackElo "1734"]
[PlyCount "162"]
[EventDate "2017.??.??"]
[WhiteTeam "Å K KamenÃ¡r Chtelnica"]
[BlackTeam "CVÄŒ Senica B"]

1. e4 c5 2. Bc4 e6 3. c3 Nc6 4. Bb3 d5 5. exd5 exd5 6. d3 Nf6 7. h3 Be7 8. Nf3
O-O 9. Bf4 Bd6 10. Be3 d4 11. cxd4 cxd4 12. Bxd4 Nxd4 13. Nxd4 Re8+ 14. Kf1 Qb6
15. Nf3 Bf5 16. Nc3 Rad8 17. g3 Bxg3 18. fxg3 Rxd3 19. Kg2 Rxd1 20. Raxd1 h6
21. Rd2 Ne4 22. Re2 Qd6 23. Nxe4 Rxe4 24. Rhe1 Rxe2+ 25. Rxe2 Be6 26. Rd2 Qb6
27. Bxe6 Qxe6 28. b3 Qe3 29. Rf2 f6 30. Kg1 g5 31. Kg2 Kf7 32. Nh2 h5 33. Nf1
Qe4+ 34. Kg1 Kg6 35. Nd2 Qe5 36. Nf1 f5 37. Kg2 Qe4+ 38. Kh2 h4 39. gxh4 Qxh4
40. Kg2 Qe4+ 41. Kh2 f4 42. Kg1 Kh5 43. Nd2 Qe1+ 44. Kg2 g4 45. hxg4+ Kxg4 46.
Nf3 Qe4 47. Rf1 Qd5 48. Rf2 Qh5 49. Ng1 f3+ 50. Rxf3 Qd5 51. Kf2 Qd2+ 52. Ne2
Qxa2 53. Rf4+ Kg5 54. Rf3 Qc2 55. Rc3 Qf5+ 56. Rf3 Qc5+ 57. Kg2 b5 58. Kg3 a5
59. Kg2 Qc6 60. Kg3 a4 61. bxa4 bxa4 62. Rf5+ Kxf5 63. Nd4+ Ke4 64. Nxc6 Kd5
65. Nb4+ Kc4 66. Na2 Kb3 67. Nc1+ Kb2 68. Nd3+ Kc3 69. Nc1 a3 70. Kf3 Kc2 71.
Na2 Kb2 72. Nb4 Kb3 73. Nd3 Kc3 74. Nc1 Kc2 75. Na2 Kb2 76. Nb4 Kb3 77. Nd3 Kc4
78. Nc1 Kc3 79. Na2+ Kb2 80. Nb4 a2 81. Nxa2 Kxa2 1/2-1/2

[Event "SR 4. liga A21 2017/2018"]
[Site "?"]
[Date "2018.01.28"]
[Round "8.4"]
[White "Celustkova, Lubica"]
[Black "Kuracina, Lubomir"]
[Result "1-0"]
[WhiteElo "1710"]
[BlackElo "1484"]
[PlyCount "91"]
[EventDate "2017.??.??"]
[WhiteTeam "CVÄŒ Senica B"]
[BlackTeam "Å K KamenÃ¡r Chtelnica"]

1. e4 e5 2. Nf3 d6 3. d4 exd4 4. Nxd4 a6 5. Be3 b5 6. c4 c5 7. Nf3 Qb6 8. b3
Be6 9. Ng5 Nf6 10. Nxe6 fxe6 11. f3 Nc6 12. Nc3 b4 13. Ne2 e5 14. g3 Be7 15.
Bh3 O-O 16. Be6+ Kh8 17. Bg5 Rad8 18. O-O Ne8 19. Bxe7 Nxe7 20. Bd5 Nc7 21. Kg2
Rf6 22. Qd2 Rdf8 23. f4 Ncxd5 24. cxd5 a5 25. fxe5 dxe5 26. Rxf6 Rxf6 27. Rf1
Nc8 28. Rxf6 Qxf6 29. Qe3 Qe7 30. Nc1 Nb6 31. Nd3 Nd7 32. Qf2 Kg8 33. Qf5 Qf7
34. Qg5 Qf6 35. Qg4 Qf7 36. Qg5 Qf6 37. Qc1 Qd6 38. Qc4 Kf7 39. Qb5 Ke7 40.
Qxa5 Qh6 41. Nf2 Qd2 42. Qa6 Kd8 43. d6 Nf6 44. Qb6+ Kd7 45. Qc7+ Ke6 46. Qe7#
1-0

[Event "SR 4. liga A21 2017/2018"]
[Site "?"]
[Date "2018.01.28"]
[Round "8.5"]
[White "Podjavorinsky, Michal"]
[Black "Zlamal, Marek"]
[Result "0-1"]
[WhiteElo "1869"]
[BlackElo "1835"]
[PlyCount "74"]
[EventDate "2017.??.??"]
[WhiteTeam "ZÅ K VrbovÃ© B"]
[BlackTeam "Å achovÃ½ klub HolÃ­Ä� B"]

1. e4 e5 2. Nf3 Nc6 3. d4 exd4 4. Nxd4 Nf6 5. Bg5 h6 6. Bh4 Be7 7. f3 O-O 8.
Be2 d6 9. Bf2 Ne5 10. Nc3 Ng6 11. Qd2 a6 12. Be3 d5 13. exd5 Nxd5 14. Nxd5 Qxd5
15. O-O Bc5 16. Rfe1 Bf5 17. c4 Qd7 18. b4 Bxd4 19. Qxd4 Qe7 20. Qc3 Rfe8 21.
Bf1 Qh4 22. Bf2 Qg5 23. Rad1 h5 $11 24. Rxe8+ Rxe8 25. a4 h4 26. b5 Nf4 27. Kh1
Re2 28. Rd2 Bd3 29. Rxe2 Bxe2 30. Qe1 h3 31. Bg3 Bxf1 32. Qe8+ Kh7 33. Qe4+ Ng6
34. gxh3 Bxh3 35. f4 Qf5 36. Qe3 Qb1+ 37. Be1 Nxf4 0-1

[Event "SR 4. liga A21 2017/2018"]
[Site "?"]
[Date "2018.01.28"]
[Round "8.5"]
[White "Vach, Jozef"]
[Black "Miciak, Emanuel"]
[Result "1/2-1/2"]
[WhiteElo "1690"]
[BlackElo "1900"]
[PlyCount "66"]
[EventDate "2017.??.??"]
[WhiteTeam "Å achovÃ½ klub HolÃ­Ä� B"]
[BlackTeam "ZÅ K VrbovÃ© B"]

1. d4 Nf6 2. Nf3 d5 3. c4 c6 4. Nc3 Bf5 5. Qb3 Qb6 6. Qxb6 axb6 7. cxd5 Nxd5 8.
Nxd5 cxd5 9. e3 Nc6 10. Bd2 Bd7 11. a3 e6 12. Bb5 Bd6 13. O-O f6 14. Bc3 Na5
15. Bxd7+ Kxd7 16. Bxa5 bxa5 17. Rfc1 Rhc8 18. Ne1 Rxc1 19. Rxc1 Rc8 20. Rxc8
Kxc8 21. h3 Kc7 22. Kf1 Kc6 23. a4 e5 24. Ke2 e4 25. Nc2 Kd7 26. b3 Ke6 27. Ne1
f5 28. g3 Kf6 29. Kf1 h5 30. Ng2 g5 31. Ke2 Be7 32. Kf1 Bd6 33. Ke2 Bc7 1/2-1/2

[Event "SR 4. liga A21 2017/2018"]
[Site "?"]
[Date "2018.01.28"]
[Round "8.5"]
[White "Jancovicova, Petra"]
[Black "Holiencin, Filip"]
[Result "1-0"]
[WhiteElo "1722"]
[BlackElo "1733"]
[PlyCount "73"]
[EventDate "2017.??.??"]
[WhiteTeam "ZÅ K VrbovÃ© B"]
[BlackTeam "Å achovÃ½ klub HolÃ­Ä� B"]

1. e4 c5 2. Nf3 d6 3. d4 cxd4 4. Nxd4 Nf6 5. Nc3 a6 6. Be2 e5 7. Nb3 Be6 8. Bg5
Be7 9. O-O Nbd7 10. Qd2 b5 11. f3 b4 12. Nd1 d5 13. exd5 Nxd5 14. Be3 Qc7 15.
c4 bxc3 16. bxc3 Nxe3 17. Nxe3 Qa7 18. Bd3 Bg5 19. Rfe1 Nf6 20. Qf2 O-O 21. Nd1
Qc7 22. Nc5 Qd6 23. Nxe6 Qxe6 24. Qe2 Nd7 25. Nf2 Kh8 26. Ne4 Qb6+ 27. Kh1 Be7
28. Rab1 Qc6 29. Rb3 f5 30. Ng3 g6 31. Rd1 h5 32. Bc4 Kh7 33. Bd5 Qa4 34. Bxa8
Rxa8 35. Rb7 Rd8 36. Qd2 Qxd1+ 37. Qxd1 1-0

[Event "SR 4. liga A21 2017/2018"]
[Site "?"]
[Date "2018.01.28"]
[Round "8.5"]
[White "Stehlik, Jan"]
[Black "Podjavorinsky, Peter"]
[Result "1/2-1/2"]
[WhiteElo "1579"]
[BlackElo "1675"]
[PlyCount "78"]
[EventDate "2017.??.??"]
[WhiteTeam "Å achovÃ½ klub HolÃ­Ä� B"]
[BlackTeam "ZÅ K VrbovÃ© B"]

1. e4 e6 2. d4 d5 3. exd5 exd5 4. Bd3 Be7 5. Nf3 Nf6 6. O-O Nc6 7. c3 Bg4 8. h3
Bh5 9. Bf4 Qd7 10. Nbd2 Bg6 11. Bb5 Bd6 12. Ne5 Bxe5 13. Bxe5 O-O-O 14. Qa4 a6
15. Bxc6 Qxc6 16. Qxc6 bxc6 17. Bxf6 gxf6 18. Rfe1 Rd6 19. Nb3 Re6 20. Nc5
Rxe1+ 21. Rxe1 a5 22. a3 h5 23. Re2 Rg8 24. f3 h4 25. Nb3 Bf5 26. Kh2 Bd3 27.
Rd2 a4 28. Nc5 Bb5 29. Rd1 Kd8 30. Re1 Rg7 31. Kg1 Rg8 32. Kf2 Rg7 33. Rg1 Rg3
34. b3 axb3 35. Nxb3 Bd3 36. Nc5 Bf5 37. a4 Kc8 38. a5 Kb8 39. a6 Ka7 1/2-1/2

[Event "SR 4. liga A21 2017/2018"]
[Site "?"]
[Date "2018.01.28"]
[Round "8.5"]
[White "Lanyi, Frantisek"]
[Black "Datko, Jan"]
[Result "1-0"]
[WhiteElo "1676"]
[BlackElo "1200"]
[PlyCount "61"]
[EventDate "2017.??.??"]
[WhiteTeam "ZÅ K VrbovÃ© B"]
[BlackTeam "Å achovÃ½ klub HolÃ­Ä� B"]

1. d4 d5 2. c4 e6 3. Nc3 Nf6 4. Bg5 Bb4 5. Nf3 h6 6. Bd2 Bd7 7. e3 O-O 8. Ne5
Nc6 9. Nxd7 Qxd7 10. Qc2 Bxc3 11. bxc3 b6 12. Bd3 e5 13. cxd5 Qxd5 14. e4 Qd7
15. d5 Ne7 16. O-O c6 17. c4 Rfe8 18. f4 cxd5 19. cxd5 exf4 20. Bxf4 Ng6 21.
Bxh6 Ng4 22. Bf4 Nxf4 23. Rxf4 Ne5 24. Ba6 Rab8 25. a4 Qd6 26. h3 Nd7 27. Raf1
f6 28. Qf2 Qb4 29. Bb5 Rbd8 30. e5 Rxe5 31. Rxb4 1-0

[Event "SR 4. liga A21 2017/2018"]
[Site "?"]
[Date "2018.01.28"]
[Round "8.6"]
[White "Nemeckay, Rastislav"]
[Black "Moravec, Milan"]
[Result "1-0"]
[WhiteElo "1943"]
[BlackElo "1651"]
[PlyCount "73"]
[EventDate "2017.??.??"]
[WhiteTeam "Å K Å tefanov"]
[BlackTeam "Å O KopÄ�any"]

1. e4 e6 2. Qe2 d5 3. exd5 Qxd5 4. Nc3 Qd8 5. Nf3 Nf6 6. g3 c6 7. Bg2 Na6 8.
O-O Nb4 9. d4 Be7 10. Ne4 Nxe4 11. Qxe4 Nd5 12. c4 Nf6 13. Qe2 O-O 14. Rd1 Bd7
15. Ne5 Qa5 16. Bd2 Qa6 17. a4 Rfd8 18. a5 c5 19. dxc5 Bxc5 20. b4 Bd4 21. b5
Qd6 22. Bc3 Qxe5 23. Qxe5 Bxe5 24. Bxe5 Ng4 25. Bc7 Nf6 26. Bxb7 Re8 27. Bxa8
Rxa8 28. Be5 Be8 29. Bxf6 gxf6 30. Rd4 Rc8 31. b6 axb6 32. axb6 Bc6 33. Rad1
Bb7 34. Rd8+ Kg7 35. Rxc8 Bxc8 36. Rd7 Bxd7 37. b7 1-0

[Event "SR 4. liga A21 2017/2018"]
[Site "?"]
[Date "2018.01.28"]
[Round "8.6"]
[White "Cerovsky, Marian"]
[Black "Valigursky, Michal"]
[Result "1/2-1/2"]
[WhiteElo "1792"]
[BlackElo "1721"]
[PlyCount "41"]
[EventDate "2017.??.??"]
[WhiteTeam "Å O KopÄ�any"]
[BlackTeam "Å K Å tefanov"]

1. e4 e5 2. Nc3 Nf6 3. Nf3 Nc6 4. Bb5 a6 5. Bxc6 dxc6 6. d3 Bd6 7. O-O Bg4 8.
h3 Bh5 9. Kh1 Qd7 10. Rg1 O-O-O 11. Bg5 Qe6 12. Bxf6 gxf6 13. Ng5 fxg5 14. Qxh5
Rdg8 15. Qg4 Qxg4 16. hxg4 h5 17. Kh2 hxg4+ 18. Kg3 f5 19. Rh1 f4+ 20. Kxg4
Rh4+ 21. Rxh4 1/2-1/2

[Event "SR 4. liga A21 2017/2018"]
[Site "?"]
[Date "2018.01.28"]
[Round "8.6"]
[White "Klimes, Karel"]
[Black "Dubecky, Ladislav"]
[Result "1-0"]
[WhiteElo "1648"]
[BlackElo "1622"]
[PlyCount "131"]
[EventDate "2017.??.??"]
[WhiteTeam "Å K Å tefanov"]
[BlackTeam "Å O KopÄ�any"]

1. e4 e5 2. Nf3 d6 3. Bc4 Be6 4. Bxe6 fxe6 5. d4 exd4 6. Nxd4 Qf6 7. Nc3 Ne7 8.
Be3 a6 9. Qh5+ g6 10. Qg5 Bg7 11. Qxf6 Bxf6 12. Nxe6 Bxc3+ 13. bxc3 Kd7 14. Nf4
Nbc6 15. Rb1 b6 16. Nd3 Rhf8 17. O-O a5 18. Rbd1 Rae8 19. e5 Nf5 20. Bf4 Kc8
21. exd6 cxd6 22. Rfe1 Kb7 23. Rxe8 Rxe8 24. g4 Ng7 25. Bxd6 Re2 26. Rc1 Ne8
27. Bf4 Nf6 28. Kf1 Re4 29. f3 Ra4 30. Ra1 Nd5 31. Bd2 Ra3 32. f4 Nxc3 33. f5
Ne4 34. Bh6 Nd4 35. Bf8 Nxc2 36. Bxa3 Nxa1 37. Bb2 Nc2 38. Ke2 Nb4 39. Nxb4
axb4 40. f6 Nd6 41. Kd3 Kc6 42. Kd4 Nf7 43. Kc4 Nd6+ 44. Kxb4 b5 45. h4 Nf7 46.
Kc3 Kd5 47. Kd3 Ke6 48. Ke4 Nd6+ 49. Kf4 Nf7 50. Bc3 Kd5 51. Bb4 Ke6 52. g5 Kd5
53. a3 Ke6 54. Ke4 Ne5 55. Kd4 Nf3+ 56. Kc5 Nxh4 57. Kxb5 Nf5 58. a4 h5 59.
gxh6 Nxh6 60. a5 Nf5 61. a6 Nd4+ 62. Kb6 g5 63. a7 Nf5 64. a8=Q Kxf6 65. Qf3
Kg6 66. Qe4 1-0

[Event "SR 4. liga A21 2017/2018"]
[Site "?"]
[Date "2018.01.28"]
[Round "8.6"]
[White "Novomeska, Karin"]
[Black "Pisecky, Jan"]
[Result "0-1"]
[WhiteElo "1217"]
[BlackElo "1372"]
[PlyCount "78"]
[EventDate "2017.??.??"]
[WhiteTeam "Å K Å tefanov"]
[BlackTeam "Å O KopÄ�any"]

1. d4 d5 2. c4 e6 3. Nc3 c6 4. cxd5 exd5 5. Nf3 Bf5 6. Bf4 Na6 7. a3 f6 8. e3
Nc7 9. Bd3 Bg4 10. O-O Ne6 11. Bg3 Ng5 12. Be2 Nxf3+ 13. Bxf3 Bxf3 14. Qxf3 Bd6
15. Bxd6 Qxd6 16. Rfe1 O-O-O 17. Qd1 f5 18. Qa4 Kb8 19. Qb3 Nf6 20. a4 Ne4 21.
Nxe4 fxe4 22. a5 a6 23. Rec1 Rd7 24. Rc2 Rf8 25. Rac1 Rc7 26. Qb6 Rf6 27. b4
Qd7 28. Qc5 Qd6 29. Qb6 Kc8 30. Rc5 h5 31. Qa7 Kd7 32. Qb6 h4 33. Qa7 g5 34.
Qb8 Rf8 35. Qa7 g4 36. Rf1 h3 37. g3 Qf6 38. Qb6 Qf3 39. Re1 Qg2# 0-1

[Event "SR 4. liga A21 2017/2018"]
[Site "?"]
[Date "2018.02.11"]
[Round "9.1"]
[White "Moravec, Milan"]
[Black "Vogl, Zdenek"]
[Result "0-1"]
[WhiteElo "1644"]
[BlackElo "1914"]
[PlyCount "92"]
[EventDate "2017.??.??"]
[WhiteTeam "Å O KopÄ�any"]
[BlackTeam "Å K Skalica B"]

1. d4 Nf6 2. c4 e6 3. Nc3 Bb4 4. e3 b6 5. Nf3 Bb7 6. Be2 O-O 7. O-O c5 8. Bd2
d6 9. a3 Bxc3 10. Bxc3 Ne4 11. Rc1 Nd7 12. Nd2 Nxd2 13. Bxd2 Qg5 14. Bf3 Bxf3
15. Qxf3 cxd4 16. Rfd1 Ne5 17. Qg3 Qxg3 18. hxg3 dxe3 19. Bxe3 Rfd8 20. Bf4 f6
21. Rc2 Rd7 22. Bxe5 fxe5 23. Rcd2 Rad8 24. Kf1 Kf7 25. Ke2 Ke7 26. Ke3 d5 27.
cxd5 Rxd5 28. f3 g5 29. g4 a5 30. a4 Rxd2 31. Rxd2 Rxd2 32. Kxd2 Kd6 33. Kd3
Kd5 34. b3 Kc5 35. Kc3 h6 36. g3 e4 37. f4 Kd5 38. f5 exf5 39. gxf5 h5 40. f6
Ke6 41. Kd4 h4 42. gxh4 gxh4 43. Kxe4 Kxf6 44. Kf4 h3 45. Kg3 Ke5 46. Kxh3 Kd4
0-1